Connecting with people efficiency, sustainability and technology
Descripción Física:
1 fulletó plegat ; 11 pàgines ; il·lustracions color ; 16 x 22 cm
Idioma:
Catalán , English
MARC
| LEADER | 00000nam a22000007a 4500 | ||
|---|---|---|---|
| 001 | 27605 | ||
| 003 | Arxiu | ||
| 005 | 20260324181157.0 | ||
| 008 | 230328b spa||||| |||| 00| 0 cat d | ||
| 017 | |a B 11035-2018 | ||
| 040 | |a agdb |b cat | ||
| 041 | |a eng | ||
| 245 | |a Connecting with people efficiency, sustainability and technology | ||
| 260 | |a Barcelona : |b Diputació de Barcelona ; |c 2018 | ||
| 300 | |a 1 fulletó plegat ; 11 pàgines ; |b il·lustracions color ; |c 16 x 22 cm | ||
| 610 | 1 | 0 | |a Barcelona (Catalunya : Província). |b Diputació |9 52408 |
| 710 | |a Barcelona (Catalunya : Província). |b Àrea de Presidència |9 52558 | ||
| 942 | |2 udc |c ARXIU |n 1 | ||
| 952 | |0 0 |1 0 |2 udc |4 0 |6 FU74214 |7 1 |9 65824 |a Arxiu |b Arxiu |d 2023-03-28 |l 0 |o FU-74-214 |p 27605 |r 2023-03-28 00:00:00 |w 2023-03-28 |y ARXIU | ||
| 999 | |c 83269 |d 83269 | ||